00517nam a2200169Ia 450000500170000000800410001704000190005804100120007708200160008910000290010524500710013426000410020530000220024650400400026865000290030885000100033720221110083100.0131103s9999 xx 000 0 und d aLoreto College aEnglish a954.02bSRI aSrivastava,Ashirbadi Lal 4aThe Sultanate of Delhi (711 - 1526 A.D.)cAshirbadi Lal Srivastava aAgrabShiva Lal Agarwala & Co.c1989 axvi,368 p.b maps aIncludes bibliographical references aHistory - Medieval India aLCLIB